| 000 | 01263nam a2200241Ii 4500 | ||
|---|---|---|---|
| 003 | JO-AjNU | ||
| 005 | 20251015114838.0 | ||
| 008 | 230605s9999||||xx |||||||||||||| ||und|| | ||
| 040 |
_aJO-AjNU _bara _erda _cJO-AjNU |
||
| 041 | _aara | ||
| 050 | 1 | 4 | _aK623.2020 |
| 100 | 1 |
_aبني احمد، بهاء الدين خليل حسن _eمعد _965728 |
|
| 245 | 2 | 0 |
_aالقيود المفروضة على السلطة التأديبية والاثار المترتبة عليها في التشريع الاردني = The Restriction on disciplinary authority and its implications Jordanian Legistislation / _bاعداد بهاء الدين خليل حسن بني احمد ؛ اشراف منتصر احمد مفلح القضاة |
| 264 | 3 | 1 | _aعجلون/الاردن: جامعة عجلون الوطنية، 2020 |
| 300 | _a122ورقة | ||
| 336 |
_atext _btxt _2rdacontent |
||
| 337 |
_aunmediated _bn _2rdamedia |
||
| 338 |
_avolume _bnc _2rdacarrier |
||
| 500 | _a رسالة جامعية (ماجستير) .- جامعة عجلون الوطنية (عجلون، الأردن)، كلية القانون ، تخصص القانون،2020 | ||
| 650 | 4 |
_aقانون مدني _959844 |
|
| 700 | 1 |
_aالقضاه، منتصر احمد مفلح _965729 |
|
| 942 |
_2lcc _cTHS |
||
| 999 |
_c30518 _d30518 |
||